书目信息 |
| 书名: | Industrial applications of surface analysis | |
| 作者: | ||
| 分册号: | ||
| 分册名: | 出版地: | Wash., D.C. : |
|
| 出版社: | ACS | |
| 出版时间: | 1982. | |
| 页数: | 438 p. : | |
| 开本: | 24 cm. | |
| 丛书名: | ACS symposium series | |
| 中图分类号: | ||
| 科图分类号: | ||
| 其他分类号: | T-53 | |
| 主题词: | ||
| 电子资源: | ||
| 000 | 00848nam 2200229 a 4500 | |
| 001 | E0755596678 | |
| 005 | 20070725164624.59 | |
| 008 | 101 0 eng | |
| 008 | uu | |
| 040 | @aNLC | |
| 049 | @aN5LA | |
| 090 | @aT-53 | |
| 096 | @aTQ014-53 @v2 | |
| 099 | @dT-53@ex1 | |
| 110 | 2 | @aAmerican Chemical Society. |
| 245 | 10 | @aIndustrial applications of surface analysis :@bbased on ;@asymposium ... at the 181st meeting of the ... New York, N.Y., 1981. |
| 260 | @aWash., D.C. :@bACS,@c1982. | |
| 300 | @a438 p. :@bill. ;@c24 cm. | |
| 440 | 0 | @aACS symposium series ; @v199 |
| 700 | 1 | @aCasper, L. A. @eed. |
| 710 | 2 | @aAmerican Chemical Society. @bDivision of Industrial and Engineering Chemistry. @b00 @c20020930 @lNLC09 @h2246 @b00 @c20021018 @lNLC09 @h0725 @lNLC09 @h2257 @lNLC09 @h1848 |
| 852 | 9 | @bWWJC @cJ08N @k2-85 @hTQ014-53 @iA51 |
| Industrial applications of surface analysis : : based on ; ; symposium ... at the 181st meeting of the ... New York, N.Y., 1981.-Wash., D.C. : : ACS, , 1982. |
| 438 p. : : ill. ; ; 24 cm.- (ACS symposium series ; 199 ) |
| ISBN |
| ● |
| 相关链接 |
|
|
|
|
正题名:Industrial applications of surface analysis
索取号:T-53/x1
 
预约/预借
| 序号 | 登录号 | 条形码 | 馆藏地/架位号 | 状态 | 备注 |
| 1 | 13934 | 300139348 | 密集书库/ [索取号:T-53/x1] | 在馆 | |
| 2 | 183329 | 000634442 | 第二样本阅览室/ [索取号:T-53/x1] | 在馆 | |
| 3 | 183330 | 000634433 | 第四借阅区/ [索取号:T-53/x1] | 在馆 |